000 00660nam a2200217 i 4500
001 64773
003 ES-MaACL
007 t|
008 040105s1985 sp ||||1| spa d
020 _a84-7178-959-0
100 1 _aForrester, Viviane.
_951814
245 1 0 _aVan Gogh
_b: o El entierro en los trigales /
_cViviane Forrester ; traducción, R. Santamaría.
260 _aBarcelona :
_bArgos Vergara,
_c1985.
300 _a282 p. ;
_c22 cm.
490 1 _aCuarto mayor
700 1 _aSantamaría, R.
_9103292
740 3 _aEl entierro en los trigales.
830 0 _aCuarto mayor
_9230728
852 _aES-MaACL
_jL-7776
_bR.108240
999 _c64773
_d64773